000 00847cam a2200241 4500
001 WB3542-24
008 000000n1999 000 0 eng u
035 _a(Sirsi) u100980
245 _a'Struggle' to create socially mixed housing
260 _c1999
490 _aIndependent
_v27 October 1999, 12(1)
520 _aA report by Demos, 'Living together', indicates that people on mixed tenure estates do not tend to mix with people who live under a different type of tenure, and it suggests that tenures should be mixed within streets to avoid concentrations of social housing.
590 _aWB
650 _aSOCIAL HOUSING
650 _aHOUSING ESTATES
650 _aFORMS OF TENURE
650 _aMIXED TENURE
650 _aDEMOS
650 _aSURVEYS
650 _aPRIVATE HOUSING
690 _aHOUSING-DEVELOPMENT
942 _n0
999 _c60267
_d60267